[Event "Prague Int Open 2026"]
[Site "Prague CZE"]
[Date "2026.03.04"]
[Round "7.14"]
[White "Eliseev, Sergey"]
[Black "Risteski, Emil"]
[Result "0-1"]
[WhiteTitle "FM"]
[BlackTitle "IM"]
[WhiteElo "2303"]
[BlackElo "2410"]
[WhiteFideId "1534734"]
[BlackFideId "15005267"]
[EventDate "2026.02.26"]

1. d4 Nf6 2. Nf3 d6 3. c3 Nbd7 4. Qc2 e5 5. e4 Be7 6. Bd3 O-O 7. O-O Re8 8. Nbd2
Bf8 9. Re1 g6 10. Bf1 Bg7 11. dxe5 Nxe5 12. Nxe5 Rxe5 13. Nf3 Re7 14. h3 Qe8 15.
Bg5 h6 16. Bxf6 Bxf6 17. Bc4 Kg7 18. Bd5 Rb8 19. a4 a5 20. Rad1 Bd7 21. b3 b5
22. axb5 Rxb5 23. Bc4 Rc5 24. Rd5 Rxd5 25. Bxd5 Qb8 26. Ra1 Qb6 27. Ne1 Qc5 28.
Nd3 Qb6 29. Nb2 c6 30. Bc4 Qc5 31. Na4 Qg5 32. Qd3 Qf4 33. Nb6 Be8 34. Nc8 Rd7
35. Nb6 Rd8 36. g3 Qe5 37. Na4 Bd7 38. Kg2 d5 39. exd5 cxd5 40. Bb5 Bf5 41. Qe2
Qb8 42. g4 Bc8 43. Rd1 d4 44. c4 Bb7+ 45. Kg1 Qf4 46. c5 Be5 47. Qd3 Be4 0-1

[Event "Prague Int Open 2026"]
[Site "Prague CZE"]
[Date "2026.03.04"]
[Round "7.15"]
[White "Saatdjian, Thomas"]
[Black "Smolik, Jachym"]
[Result "1-0"]
[WhiteTitle "FM"]
[BlackTitle "FM"]
[WhiteElo "2299"]
[BlackElo "2401"]
[WhiteFideId "634921"]
[BlackFideId "23701641"]
[EventDate "2026.02.26"]

1. d4 Nf6 2. c4 e6 3. Nf3 d5 4. g3 dxc4 5. Bg2 c6 6. Ne5 Bb4+ 7. Bd2 Be7 8. e3
b5 9. b3 Nd5 10. bxc4 bxc4 11. Qa4 Qb6 12. O-O Qa6 13. Qxa6 Bxa6 14. Rc1 Nd7 15.
Nxc6 Rc8 16. Nxe7 Kxe7 17. e4 N5b6 18. Bb4+ Kf6 19. Rc3 Bb5 20. Rf3+ Kg6 21. Nc3
Ba4 22. Rc1 h5 23. Nxa4 Nxa4 24. Ra3 Ndb6 25. e5 Kh7 26. Be4+ g6 27. Bc2 Nb2 28.
Rxa7 Kg7 29. Rb1 Nd3 30. Bd6 Nd5 31. Rbb7 Ne1 32. Rxf7+ Kh6 33. Be4 c3 34. Ba3 1-0

[Event "Prague Int Open 2026"]
[Site "Prague CZE"]
[Date "2026.03.04"]
[Round "7.16"]
[White "Radzimski, Antoni"]
[Black "Wallis, Christopher"]
[Result "1-0"]
[WhiteTitle "FM"]
[BlackTitle "FM"]
[WhiteElo "2400"]
[BlackElo "2277"]
[WhiteFideId "21052476"]
[BlackFideId "3204839"]
[EventDate "2026.02.26"]

1. d4 Nf6 2. c4 e6 3. Nc3 Bb4 4. e3 O-O 5. Bd3 d5 6. a3 Bxc3+ 7. bxc3 dxc4 8.
Bxc4 c5 9. Ne2 Qc7 10. Bd3 Nc6 11. f4 Rd8 12. O-O h6 13. Ng3 Rb8 14. Qe2 Ne7 15.
Bb2 b5 16. e4 Qb6 17. Kh1 Bb7 18. Rae1 Nd7 19. Qg4 e5 20. Nh5 Qg6 21. Qh3 exd4
22. f5 Qc6 23. Qg3 g5 24. cxd4 cxd4 25. Bxd4 f6 26. Rc1 Qa6 27. Rc7 Kf7 28. e5
fxe5 29. Bxe5 Rbc8 30. f6 Nd5 31. Bg6+ Kxg6 32. Qd3+ Kf7 33. Qh7+ Ke6 34. Qf5+
Kf7 35. Rxd7+ Rxd7 36. Qxd7+ Kg6 37. Qg7+ Kxh5 38. Qf7+ Kh4 39. g3+ Kg4 40. h3+ 1-0

[Event "Prague Int Open 2026"]
[Site "Prague CZE"]
[Date "2026.03.05"]
[Round "8.1"]
[White "Sasikiran, Krishnan"]
[Black "Stalmach, Richard"]
[Result "1-0"]
[WhiteTitle "GM"]
[BlackTitle "IM"]
[WhiteElo "2538"]
[BlackElo "2408"]
[WhiteFideId "5004985"]
[BlackFideId "372048"]
[EventDate "2026.02.26"]

1. e4 c5 2. Nf3 d6 3. d4 cxd4 4. Nxd4 Nf6 5. Nc3 a6 6. Bg5 e6 7. f4 h6 8. Bh4
Qb6 9. a3 Nc6 10. Bf2 Qc7 11. Be2 Be7 12. Qd3 Nxd4 13. Bxd4 e5 14. fxe5 dxe5 15.
Qg3 Qd8 16. Bxe5 Nxe4 17. Nxe4 Bh4 18. Nd6+ 1-0

[Event "Prague Int Open 2026"]
[Site "Prague CZE"]
[Date "2026.03.05"]
[Round "8.2"]
[White "Gloeckler, Christian"]
[Black "Haug, Havard"]
[Result "1/2-1/2"]
[WhiteTitle "IM"]
[BlackTitle "FM"]
[WhiteElo "2444"]
[BlackElo "2412"]
[WhiteFideId "34608966"]
[BlackFideId "1547887"]
[EventDate "2026.02.26"]

1. e4 c6 2. Nc3 d5 3. Nf3 dxe4 4. Nxe4 Nf6 5. Qe2 Nxe4 6. Qxe4 Qd5 7. Qh4 Qe6+
8. Be2 Qg4 9. Qg3 Qxg3 10. hxg3 Bg4 11. d4 Nd7 12. a4 a5 13. Bd3 Bxf3 14. gxf3
e6 15. Kf1 Bd6 16. Kg2 Nf6 17. Bd2 Kd7 18. Rh4 h5 19. Rah1 g6 20. Rd1 Nd5 21. c3
Be7 22. Rh3 h4 23. Rdh1 Bf6 24. f4 hxg3 25. fxg3 Rxh3 26. Rxh3 Rh8 27. g4 Rxh3
28. Kxh3 Be7 29. f5 g5 30. Be4 Nf4+ 31. Kg3 Bd6 32. Kf3 Bc7 33. fxe6+ fxe6 34.
c4 Bd8 35. Ke3 Bb6 36. Bc3 Bd8 37. b4 axb4 38. Bxb4 Bf6 39. Ba5 Be7 40. Bb6 Bd6
41. Kd2 Be7 42. a5 Bd6 43. Kc3 Ne2+ 44. Kb3 Nf4 45. Ka4 Bc7 46. Bxc7 Kxc7 47.
Kb4 Kd6 48. Kc3 Ne2+ 49. Kd3 Nc1+ 50. Kc3 Ne2+ 51. Kd3 Nc1+ 52. Ke3 Nb3 53. c5+
Kc7 54. Bb1 Nxa5 55. Ba2 b6 56. cxb6+ Kxb6 57. Bxe6 c5 58. Bd5 cxd4+ 59. Kxd4
Kb5 60. Ke4 Kb4 61. Kf5 Kc5 62. Ke5 Kb5 63. Kf6 Kc5 64. Bf7 Nc6 65. Be8 Nb4 66.
Kxg5 Nd5 67. Kg6 Kd6 68. Kf7 Ke5 69. g5 Nf4 70. Bd7 Kd6 71. Bf5 Ke5 72. Bg4 Kd6
73. Bd1 Ke5 74. Bc2 Kd6 75. Be4 Nh3 76. g6 Ng5+ 77. Kf8 Nxe4 78. g7 Nf6 79. Kf7
Ke5 1/2-1/2

[Event "Prague Int Open 2026"]
[Site "Prague CZE"]
[Date "2026.03.05"]
[Round "8.3"]
[White "Ioannidis, Evgenios"]
[Black "Mayank, Chakraborty"]
[Result "1-0"]
[WhiteTitle "GM"]
[BlackTitle "IM"]
[WhiteElo "2469"]
[BlackElo "2473"]
[WhiteFideId "4229274"]
[BlackFideId "25659766"]
[EventDate "2026.02.26"]

1. d4 Nf6 2. c4 e6 3. Nc3 Bb4 4. Qc2 O-O 5. a3 Bxc3+ 6. Qxc3 d5 7. e3 b6 8. cxd5
exd5 9. Bd3 Ne4 10. Qc2 Ba6 11. Bxa6 Nxa6 12. Ne2 c5 13. O-O Qd7 14. f3 Nf6 15.
Nc3 Rac8 16. Rd1 Qc6 17. dxc5 bxc5 18. Qa4 Qe6 19. e4 dxe4 20. Nxe4 Nxe4 21.
Qxe4 Qxe4 22. fxe4 Rfe8 23. Rd6 Nc7 24. Be3 Nb5 25. Rd5 Nd4 26. Bxd4 cxd4 27.
Rxd4 Rc2 28. b4 h5 29. h3 f5 30. Rd5 g6 31. e5 Re2 32. Rd6 Kh7 33. Rc1 Re3 34.
Rcc6 Rg3 35. Kf2 f4 36. Rc7+ Kh6 37. h4 Rxa3 38. Rdd7 Rh8 39. e6 Re3 40. e7 Re8
41. Rxa7 Kg7 42. b5 Rb3 43. Rd8 Kf7 44. Rxe8 Kxe8 45. Rb7 Kf7 46. b6 Ke8 47.
Rb8+ Kxe7 48. b7 f3 49. Rh8 1-0

[Event "Prague Int Open 2026"]
[Site "Prague CZE"]
[Date "2026.03.05"]
[Round "8.4"]
[White "Zhao, Jun"]
[Black "Radzimski, Antoni"]
[Result "1-0"]
[WhiteTitle "GM"]
[BlackTitle "FM"]
[WhiteElo "2533"]
[BlackElo "2400"]
[WhiteFideId "8602522"]
[BlackFideId "21052476"]
[EventDate "2026.02.26"]

1. e4 e5 2. Nf3 Nc6 3. Bb5 a6 4. Ba4 Nf6 5. d3 b5 6. Bb3 Bc5 7. a4 Rb8 8. axb5
axb5 9. O-O O-O 10. Bg5 h6 11. Bh4 g5 12. Bg3 d6 13. c3 Bb6 14. Nbd2 Re8 15. Kh1
Ne7 16. Bxe5 dxe5 17. Nxe5 Kg7 18. f4 Ng6 19. d4 Nxf4 20. Nc6 Bg4 21. Qe1 Qd7
22. Nxb8 Rxb8 23. Nf3 Bxf3 24. Rxf3 Re8 25. e5 N6d5 26. g3 Ng6 27. Qe4 c6 28.
Raf1 Re7 29. Bc2 Nf8 30. Rf6 Bd8 31. Qf3 Ng6 32. e6 1-0

[Event "Prague Int Open 2026"]
[Site "Prague CZE"]
[Date "2026.03.05"]
[Round "8.5"]
[White "Salimova, Nurgyul"]
[Black "Sahidi, Samir"]
[Result "0-1"]
[WhiteTitle "IM"]
[BlackTitle "IM"]
[WhiteElo "2396"]
[BlackElo "2522"]
[WhiteFideId "2915138"]
[BlackFideId "14936372"]
[EventDate "2026.02.26"]

1. d4 Nf6 2. Nf3 e6 3. Bf4 b6 4. e3 Bb7 5. h3 g6 6. Bd3 Bg7 7. Nbd2 d6 8. e4 h6
9. Qe2 Nbd7 10. O-O-O Qe7 11. Nc4 d5 12. exd5 Nxd5 13. Bh2 O-O 14. a3 Rfd8 15.
Kb1 a5 16. Ncd2 Rac8 17. Rhe1 Qf8 18. Ne4 N5f6 19. Ne5 Bxe4 20. Bxe4 Nxe5 21.
Bxe5 c6 22. h4 b5 23. Bxf6 Bxf6 24. h5 g5 25. Rd3 Rxd4 26. Rxd4 Bxd4 27. Rd1 Qc5
28. f4 gxf4 29. Qg4+ Bg7 30. Qxf4 Qxh5 31. Rd7 b4 32. Bf3 Qg6 33. axb4 axb4 34.
Qxb4 c5 35. Qb7 Rf8 36. Qc7 Qf5 37. Rd8 Bf6 38. Qg3+ Bg5 39. Rxf8+ Kxf8 40. Qd6+
Kg7 41. Qd3 Qe5 42. c3 Bf6 43. Kc2 h5 44. Qe2 Qf5+ 45. Qd3 Qg5 46. Qd2 h4 47.
Qxg5+ Bxg5 48. b4 cxb4 49. cxb4 f5 50. Bb7 Be7 51. Bc8 Kf6 52. b5 Bc5 53. Kd3 e5
54. Ke2 e4 55. Kf1 Ke5 56. Bd7 h3 57. gxh3 f4 58. b6 Bxb6 59. h4 f3 60. h5 e3
61. Bb5 Kf6 62. Ba6 Kg5 63. Bb5 Kxh5 64. Ba6 Kg5 65. Bb5 Kf4 66. Ba6 Bd8 67. Kg1
Bh4 68. Kf1 Ke5 0-1

[Event "Prague Int Open 2026"]
[Site "Prague CZE"]
[Date "2026.03.05"]
[Round "8.6"]
[White "Krzyzanowski, Marcin"]
[Black "Holtel, Jasper"]
[Result "1-0"]
[WhiteTitle "GM"]
[BlackTitle "FM"]
[WhiteElo "2494"]
[BlackElo "2376"]
[WhiteFideId "1132199"]
[BlackFideId "12956376"]
[EventDate "2026.02.26"]

1. e4 c6 2. d4 d5 3. e5 c5 4. Nf3 cxd4 5. Nxd4 Nc6 6. Nxc6 bxc6 7. Bd3 e6 8. O-O
a5 9. Re1 Ba6 10. Bxa6 Rxa6 11. a3 Ne7 12. c4 Nf5 13. cxd5 cxd5 14. Qd3 Ra8 15.
Nd2 Qb6 16. Nf3 Bc5 17. Re2 O-O 18. Bf4 Rfb8 19. Rd1 Qa7 20. Rc2 a4 21. Rdc1 Rb3
22. Qd1 Bf8 23. Nd2 Rb7 24. g4 Ne7 25. Nf3 Rab8 26. Qd2 Qa8 27. h4 Rc8 28. h5
Rbb8 29. Nd4 Rxc2 30. Rxc2 Nc8 31. Nc6 Rb5 32. h6 g6 33. Bg5 Rc5 34. Rxc5 Bxc5
35. Nd8 Nb6 36. Qf4 Qa7 37. Qf6 Bf8 38. Be3 d4 39. Bxd4 Bxh6 40. Bxb6 Qd7 41.
Qf3 Bc1 42. Nc6 Bxb2 43. Bc5 Bc1 44. Ne7+ Kg7 45. Qf6+ 1-0

[Event "Prague Int Open 2026"]
[Site "Prague CZE"]
[Date "2026.03.05"]
[Round "8.7"]
[White "Stinka, Jakub"]
[Black "Guidarelli, Laurent"]
[Result "1-0"]
[WhiteTitle "FM"]
[BlackTitle "GM"]
[WhiteElo "2375"]
[BlackElo "2467"]
[WhiteFideId "391662"]
[BlackFideId "611123"]
[EventDate "2026.02.26"]

1. d4 e6 2. c4 f5 3. Nf3 Nf6 4. a3 g6 5. Nc3 Bg7 6. g3 O-O 7. Bg2 d6 8. O-O Nc6
9. d5 Ne5 10. Nd4 exd5 11. cxd5 Nh5 12. f4 Ng4 13. Qd3 Re8 14. Bd2 Qf6 15. Nc2
Qf7 16. Rae1 Ngf6 17. Nd4 Kh8 18. b4 Bd7 19. Ne6 Bxe6 20. dxe6 Rxe6 21. Bxb7 Rb8
22. Bf3 d5 23. Nb5 Ne4 24. Nd4 Rd6 25. Rc1 Nxd2 26. Qxd2 Nf6 27. Nc6 Re8 28. Ne5
Qe7 29. Qc2 Ne4 30. Qxc7 Bxe5 31. fxe5 Re6 32. Qa5 Qb7 33. Bxe4 dxe4 34. Rc7
Qb6+ 35. Qxb6 axb6 36. Rd1 Rxe5 37. Rdd7 R5e6 38. Rxh7+ Kg8 39. Rcg7+ Kf8 40.
Rb7 Kg8 41. Kf2 e3+ 42. Kf3 Rd6 43. Rhe7 Rxe7 44. Rxe7 Kf8 45. Rxe3 Kf7 46. Rc3
b5 47. Rc5 Ra6 48. Rxb5 Rxa3+ 49. e3 Ra2 50. h3 Rb2 51. g4 Kf6 52. Rb6+ Kf7 53.
g5 Rh2 54. Kg3 Re2 55. Kf4 Rh2 56. Rb7+ Ke6 57. Rg7 Rf2+ 58. Kg3 Rb2 59. Rxg6+
Ke5 60. Rg8 Rxb4 61. Re8+ Kd5 1-0

[Event "Prague Int Open 2026"]
[Site "Prague CZE"]
[Date "2026.03.05"]
[Round "8.8"]
[White "Svanda, Ondrej"]
[Black "Zhao, Yuanhe"]
[Result "1/2-1/2"]
[WhiteTitle "IM"]
[BlackTitle "IM"]
[WhiteElo "2366"]
[BlackElo "2466"]
[WhiteFideId "359670"]
[BlackFideId "8609497"]
[EventDate "2026.02.26"]

1. e4 c5 2. Nf3 e6 3. d4 cxd4 4. Nxd4 Nc6 5. Bf4 d6 6. Nxc6 bxc6 7. Bd3 e5 8.
Be3 Be7 9. O-O Nf6 10. c4 O-O 11. Nc3 a5 12. Qe2 Be6 13. Rfd1 Nd7 14. Na4 c5 15.
Bc2 Ra6 16. Nc3 Bg5 17. Bxg5 Qxg5 18. Nb5 Rb8 19. b3 Rbb6 20. Nc7 Ra7 21. Nb5
Raa6 22. Nc7 Ra7 1/2-1/2

[Event "Prague Int Open 2026"]
[Site "Prague CZE"]
[Date "2026.03.05"]
[Round "8.9"]
[White "Haring, Filip"]
[Black "Ostensen, Nicolai Maxime"]
[Result "1/2-1/2"]
[WhiteTitle "GM"]
[BlackTitle "FM"]
[WhiteElo "2461"]
[BlackElo "2380"]
[WhiteFideId "14933080"]
[BlackFideId "1546970"]
[EventDate "2026.02.26"]

1. e4 e5 2. Nf3 Nc6 3. Bc4 Nf6 4. d3 h6 5. O-O d6 6. c3 g5 7. Nbd2 Bg7 8. Bb3
O-O 9. h3 Ne7 10. Re1 Ng6 11. Nf1 d5 12. Ng3 a5 13. exd5 Nxd5 14. d4 Ndf4 15.
Bxf4 exf4 16. Nh5 Bf5 17. Bc2 Qd7 18. Nxg7 Kxg7 19. Ne5 Nxe5 20. Bxf5 Qxf5 21.
Rxe5 Qd7 22. Qe2 Rfe8 23. Re1 Rxe5 24. Qxe5+ Kg8 25. h4 Ra6 26. Qe8+ Qxe8 27.
Rxe8+ Kg7 28. hxg5 hxg5 29. Re5 Kg6 30. Rc5 c6 31. b3 f6 32. Kf1 Kf7 33. Ke2 Ke6
34. Kd3 Ra8 35. Ke4 a4 36. b4 Rh8 37. b5 Kd6 38. bxc6 bxc6 39. Ra5 Rb8 40. Rxa4
Rb2 41. Kf3 Rc2 42. Rc4 Rxa2 43. Rc5 Rc2 44. g3 fxg3 45. fxg3 f5 46. g4 1/2-1/2

[Event "Prague Int Open 2026"]
[Site "Prague CZE"]
[Date "2026.03.05"]
[Round "8.10"]
[White "Gkoumas, Georgios"]
[Black "Hulka, Valentyn"]
[Result "1-0"]
[WhiteTitle "IM"]
[BlackTitle "FM"]
[WhiteElo "2433"]
[BlackElo "2368"]
[WhiteFideId "4208935"]
[BlackFideId "34107061"]
[EventDate "2026.02.26"]

1. e4 e5 2. Nf3 Nc6 3. Bb5 a6 4. Ba4 Bc5 5. O-O Nge7 6. Nxe5 Nxe5 7. d4 b5 8.
Bb3 Bxd4 9. Qxd4 d6 10. f4 c5 11. Qd2 N5c6 12. c3 O-O 13. Qf2 c4 14. Bc2 f5 15.
Nd2 fxe4 16. Nxe4 Bf5 17. Be3 d5 18. Rad1 Qb8 19. Ng3 Bxc2 20. Qxc2 Qd6 21. f5
Ne5 22. Rd4 Rae8 23. Qd1 Nd3 24. Qf3 Rf7 25. Bg5 Ne5 26. Qh5 N7c6 27. Rh4 h6 28.
f6 Qc5+ 29. Kh1 Nd3 30. h3 Nf2+ 31. Kh2 Re5 32. fxg7 Rxg5 33. Qxh6 Rfxg7 34.
Qh8+ Kf7 35. Rf4+ Ke6 36. Qc8+ Ke5 37. Rf5+ Rxf5 38. Qxf5+ Kd6 39. Qf6+ Kc7 40.
Qxg7+ Kb6 41. h4 Ne5 42. Rxf2 Qxf2 43. Qxe5 Qxb2 44. h5 Qd2 45. Qd4+ Qxd4 46.
cxd4 1-0

[Event "Prague Int Open 2026"]
[Site "Prague CZE"]
[Date "2026.03.05"]
[Round "8.11"]
[White "Cnejev, Vladimir-Alexandru"]
[Black "Adharsh K"]
[Result "1-0"]
[WhiteTitle "FM"]
[BlackTitle "FM"]
[WhiteElo "2414"]
[BlackElo "2330"]
[WhiteFideId "1260898"]
[BlackFideId "25718207"]
[EventDate "2026.02.26"]

1. e4 c5 2. c3 Nf6 3. e5 Nd5 4. Nf3 Nc6 5. Bc4 Nb6 6. Bb3 d5 7. exd6 Qxd6 8. O-O
Bf5 9. d4 cxd4 10. Nxd4 Nxd4 11. cxd4 e6 12. Nc3 Rd8 13. Qf3 Qd7 14. Re1 Be7 15.
d5 O-O 16. g4 Bg6 17. dxe6 Qc8 18. Bf4 Kh8 19. exf7 Bf6 20. Rac1 Bxf7 21. Bxf7
Rxf7 22. Nb5 Qd7 23. Rc7 Re8 24. Rd1 Qxb5 25. Rxf7 Qxb2 26. Rxb7 Qxa2 27. g5 Bb2
28. Qe2 Qa4 29. Rxa7 Rxe2 30. Rxa4 h6 31. Rb4 hxg5 32. Bg3 1-0

[Event "Prague Int Open 2026"]
[Site "Prague CZE"]
[Date "2026.03.05"]
[Round "8.12"]
[White "Risteski, Emil"]
[Black "Eret, Matous"]
[Result "1/2-1/2"]
[WhiteTitle "IM"]
[BlackTitle "FM"]
[WhiteElo "2410"]
[BlackElo "2310"]
[WhiteFideId "15005267"]
[BlackFideId "364509"]
[EventDate "2026.02.26"]

1. e4 Nf6 2. e5 Ng8 3. d4 d6 4. Nf3 g6 5. Bb5+ c6 6. Bd3 Bg7 7. O-O Bg4 8. Bf4
dxe5 9. dxe5 Nd7 10. Re1 Nc5 11. Nc3 Nxd3 12. cxd3 Nh6 13. h3 Bxf3 14. Qxf3 Nf5
15. Ne2 O-O 16. Qe4 f6 17. g4 fxe5 18. gxf5 exf4 19. fxg6 e5 20. gxh7+ Kh8 21.
Nc3 f3 22. Kh2 Rf4 23. Qg6 Rf6 24. Qg4 Rf4 25. Qg6 Rf6 26. Qg4 Rf4 1/2-1/2

[Event "Prague Int Open 2026"]
[Site "Prague CZE"]
[Date "2026.03.05"]
[Round "8.13"]
[White "Moroni, Luca Jr"]
[Black "Saatdjian, Thomas"]
[Result "1-0"]
[WhiteTitle "GM"]
[BlackTitle "FM"]
[WhiteElo "2563"]
[BlackElo "2299"]
[WhiteFideId "865834"]
[BlackFideId "634921"]
[EventDate "2026.02.26"]

1. d4 Nf6 2. c4 c5 3. Nf3 cxd4 4. Nxd4 Nc6 5. Nc3 e6 6. e4 Bb4 7. Nxc6 bxc6 8.
Bd3 e5 9. O-O O-O 10. h3 Re8 11. Qe2 Bxc3 12. bxc3 d6 13. f4 exf4 14. Rxf4 Qe7
15. Qc2 h6 16. Be3 Be6 17. Rf3 d5 18. cxd5 cxd5 19. e5 Ne4 20. Bxe4 dxe4 21.
Qxe4 Rac8 22. Rg3 Rc4 23. Bd4 Kh8 24. Rf1 Qf8 25. Qh4 Qg8 26. Qh5 Re7 27. Rf2
Qh7 28. Kh2 Rb7 29. Qf3 Rcc7 30. Bc5 Qg8 31. Bd6 Rd7 32. Qe3 f5 33. exf6 Rxd6
34. fxg7+ Rxg7 35. Qxh6+ Qh7 36. Rf8+ 1-0

[Event "Prague Int Open 2026"]
[Site "Prague CZE"]
[Date "2026.03.05"]
[Round "8.14"]
[White "Jun, Rudolf"]
[Black "Popovic, Dusan"]
[Result "0-1"]
[WhiteTitle "FM"]
[BlackTitle "GM"]
[WhiteElo "2315"]
[BlackElo "2452"]
[WhiteFideId "376612"]
[BlackFideId "927031"]
[EventDate "2026.02.26"]

1. e4 c5 2. Nf3 d6 3. c4 Nc6 4. d4 Bg4 5. d5 Bxf3 6. gxf3 Nd4 7. Be3 g6 8. Bxd4
cxd4 9. Qxd4 Nf6 10. c5 Bg7 11. Nc3 O-O 12. c6 Nd7 13. Qa4 bxc6 14. dxc6 Bxc3+
15. bxc3 Nc5 16. Qd4 Rc8 17. f4 Rxc6 18. f5 Qa5 19. Rc1 Na4 20. Bd3 Nxc3 21. O-O
Rfc8 22. Rc2 Qc5 23. Qxc5 Rxc5 24. fxg6 hxg6 25. Rb2 Na4 26. Rb4 Rg5+ 27. Kh1
Nc5 28. Rc4 Rb8 29. f4 Rh5 30. Rb1 Rb6 31. Rxb6 axb6 32. Be2 Rh4 33. e5 d5 34.
Rd4 e6 35. Rb4 Ne4 36. Kg2 Rxf4 37. Bf3 g5 38. Bxe4 Rxe4 39. Rxe4 dxe4 40. Kf2
Kg7 41. Ke3 f5 42. exf6+ Kxf6 43. Kxe4 e5 44. a4 g4 0-1

[Event "Prague Int Open 2026"]
[Site "Prague CZE"]
[Date "2026.03.05"]
[Round "8.15"]
[White "Nevednichy, Vladislav"]
[Black "Filindash, Nikita"]
[Result "1/2-1/2"]
[WhiteTitle "GM"]
[BlackTitle "CM"]
[WhiteElo "2437"]
[BlackElo "2288"]
[WhiteFideId "1205730"]
[BlackFideId "34159983"]
[EventDate "2026.02.26"]

1. Nf3 d5 2. g3 Nf6 3. Bg2 e6 4. O-O c5 5. d3 Nc6 6. Nbd2 Be7 7. e4 O-O 8. Re1
Qc7 9. e5 Nd7 10. Qe2 b5 11. Nf1 Bb7 12. h4 Rfc8 13. Bf4 Qd8 14. N1h2 a5 15. c3
Ba6 16. h5 h6 17. Ng4 Nf8 18. Rac1 Nh7 19. Qd2 Ng5 20. Bxg5 Bxg5 21. Nxg5 Qxg5
22. Qxg5 hxg5 23. h6 gxh6 24. Nf6+ Kh8 25. f4 gxf4 26. gxf4 Ne7 27. Kf2 Ng6 28.
Kg3 b4 29. c4 Rg8 30. Nxg8 Rxg8 31. Kf2 Nxf4 32. Bf1 d4 33. Re4 Ng6 34. a3 b3
35. Be2 Bb7 36. Rg4 a4 37. Rcg1 Kh7 38. R4g3 Rf8 39. Bh5 Nxe5 40. Ke2 Bc6 41.
Kd2 1/2-1/2